000 01121nam a2200313 a 4500
001 000116194
003 CHAP
005 20250923085630.0
008 191002s2017 mx a |r| |||||||spa d
010 _a112655
011 _a113627
020 _a9786073709316
040 _cCHAP
082 0 4 _a338.16
_bV99
100 0 0 _aVázquez Alvarado, Jorge Miguel Paulino.
_9120300
245 1 0 _aPaqueganes : Sistemas de paquetes tecnológicos con sus indicadores de ganancia /
_cpor Jorge Miguel Paulino Vázquez Alvarado.
260 _aZacatepec, Morelos :
_bINIFAP,
_c2017.
300 _a55 p. :
_bil .
590 _aBATCH-UPD
_b05
_c20191002
_lUCH01
_h1529
590 _aE6337LMJ
_b05
_c20191002
_lUCH01
_h1528
650 1 4 _aProductos agrícolas
_xAspectos económicos.
_9136937
650 1 2 _aProgramas de desarrollo
_xEvaluación
_9133614
650 1 4 _aProgramas de desarrollo
_xAspectos económicos.
_9136936
650 1 4 _aProgramas de desarrollo
_xSistemas de almacenamiento y recuperación de información.
_9136938
700 1 _aRamírez Rojas, Sergio Gavino.
_994238
901 _aBK
942 _cLIBRO
942 _n0
999 _c112655
_d112655